000 00342nam a2200145Ia 4500
008 230718s9999 xx 000 0 und d
041 _aEng.
082 _a346.08
_bCHO-F
100 _aChohan, Abdul Hameed
245 0 _aFinancial Institutions
260 _aPakistan
_bPunjab law book
_c2013
300 _a228
650 _aLaw
999 _c28763
_d28763